Music Quiz

Random Music or Song Quiz

Dinosaur Jr. Songs Quiz Stats

 Plays Quiz not verified by Sporcle

Challenge
Share
Tweet
Embed
Score 0/105 Timer 10:00
0 Plays Today
% Correct
Freak Scene
90.6%
Little Fury Things
89.1%
Sludgefeast
82%
In A Jar
80.5%
Raisans
79.7%
Poledo
79.7%
The Lung
78.9%
Start Choppin
78.1%
Forget the Swan
77.3%
Green Mind
76.6%
Don't
75.8%
Out There
75.8%
The Wagon
71.9%
No Bones
70.3%
Kracked
69.5%
Bulbs of Passion
68%
Tarpit
68%
Budge
67.2%
Get Me
67.2%
Repulsion
65.6%
Feel The Pain
65.6%
Gargoyle
64.8%
Cats in a Bowl
63.3%
The Leper
63.3%
Water
62.5%
Mountain Man
61.7%
The Post
60.9%
Lose
53.1%
How'd You Pin That One on Me
53.1%
Severed Lips
51.6%
Puke + Cry
50.8%
Does It Float
50%
Quest
50%
They Always Come
48.4%
Let It Ride
46.1%
% Correct
Thumb
46.1%
Pointless
44.5%
Yeah We Know
44.5%
Flying Cloud
43.8%
Not The Same
43%
Pond Song
41.4%
Muck
41.4%
Hide
41.4%
What Else Is New
40.6%
On The Way
39.8%
Pieces
39.1%
Watch The Corners
39.1%
Crumble
38.3%
Over It
38.3%
Almost Ready
37.5%
I Live For That Look
35.9%
Drawerings
35.2%
Been There All the Time
34.4%
Back to Your Heart
31.3%
Plans
31.3%
Goin' Home
29.7%
Lightning Bulb
28.9%
Pick Me Up
26.6%
I Want You to Know
26.6%
Your Weather
26.6%
Don't Pretend You Didn't Know
25.8%
It's Me
25%
Ocean in the Way
25%
I Don't Wanna Go There
25%
I'm Insane
24.2%
This Is All I Came to Do
24.2%
We're Not Alone
24.2%
What if I Knew
24.2%
Imagination Blind
23.4%
Friends
22.7%
% Correct
Said The People
22.7%
I Ain't Sayin
21.9%
Alone
21.1%
I Don't Think
20.3%
I Don't Think So
19.5%
I Got Lost
19.5%
Pierce The Morning Rain
18.8%
Rude
18%
Blowing It
16.4%
Almost Fare
15.6%
See You
14.8%
Stick a Toe In
14.8%
I Know Yer Insane
13.3%
Recognition
13.3%
Mind Glow
12.5%
Over Your Shoulder
12.5%
See it on Your Side
12.5%
Grab It
11.7%
What Was That
11.7%
Seemed Like the Thing to Do
10.2%
Mick
10.2%
There's No Here
10.2%
Get Out of This
9.4%
Can't We Move This
9.4%
I Know It Oh So Well
9.4%
Even You
8.6%
On the Brink
8.6%
Never Bought It
8.6%
Nothin's Goin On
8.6%
Yeah Right
7.8%
Outta Hand
7.8%
Loaded
7.8%
Gettin' Rough
7%
Sure Not Over You
6.3%
Gotta Know
6.3%

You're not logged in!

Compare scores with friends on all Sporcle quizzes.
Join for Free
OR
Log In

You Might Also Like...

Show Comments

Extras

Created Apr 2, 2013ReportNominate
Tags:Song Quiz, dinosaur

Top Quizzes Today


Score Distribution

Your Account Isn't Verified!

In order to create a playlist on Sporcle, you need to verify the email address you used during registration. Go to your Sporcle Settings to finish the process.

Report this User

Report this user for behavior that violates our Community Guidelines.

Details: